Dans quel pays est né........ - Statistiques

Statistiques générales
  • Ce quiz a été pris 312 fois
  • Le résultat moyen est 14 sur 44
Statistiques - réponses
Personnalités Pays de naissance % Correct
Jacques Brel Belgique
81%
Bob Marley Jamaïque
74%
Jean-Paul II Pologne
68%
Bjork Islande
64%
Shakira Colombie
62%
Dave Pays-bas
62%
Arnold Schwarzenegger Autriche
58%
Manuel Valls Espagne
57%
Claude François Egypte
51%
Che Guevara Argentine
47%
Rihanna Barbade
47%
Tina Arena Australie
43%
Salma Hayek Mexique
41%
Alfred Hitchcock Royaume Uni
40%
Joe Dassin Etats-Unis
38%
Pierce Brosnan Irlande
38%
Lino Ventura Italie
38%
Jim Carrey Canada
37%
Cesaria Evora Cap-Vert
37%
Natalie Portman Israël
34%
Lio Portugal
34%
Adriana Karembeu Slovaquie
34%
Charlize Theron Afrique du sud
32%
Bruce Lee Etats-Unis
32%
Sylvie Vartan Bulgarie
26%
Nostradamus France
25%
MC Solaar Sénégal
23%
Dany Brillant Tunisie
22%
Christopher Froome Kenya
20%
Michel Galabru Maroc
19%
Ursulla Andress Suisse
18%
Edouard Balladur Turquie
18%
Bud Spencer Italie
17%
Greta Garbo Suède
16%
Sébastien Folin Madagascar
14%
Freddie Mercury Tanzanie
13%
Léon Zitrone Russie
12%
Bruce Willis Allemagne de l'ouest
11%
Léo Ferré Monaco
8%
Keanu Reeves Liban
6%
Mike Brant Chypre
5%
Mère Teresa Macédoine (ex Empire Ottoman)
5%
Eric Charden Vietnam
5%
Armande Altaï Syrie
4%
Aucun quiz correspondant
Distribution des résultats
% des personnes avec chaque résultat
Percentile par nombre de réponses
Votre historique - résultats
Vous n’avez pas pris ce quiz